Integrated circuits.

Guardado en:
Autor Corporativo: Philips.
Formato: Libro
Idioma:Undetermined
Publicado: Eindhoven, Netherlands : Philips, 1978.
Series:Electronic Components and Materials
Materias:
Etiquetas: Agregar Etiqueta
Sin Etiquetas, Sea el primero en etiquetar este registro!
LEADER 00533nam a22001575a 4500
001 EIQ.libpla003986
008 080422s1978####xx#a#####c####000#0#und#d
005 20080422192417.0
245 0 0 |a Integrated circuits. 
260 |a Eindhoven, Netherlands :  |b Philips,  |c 1978. 
300 |a 1 v. (en varias paginaciones) :  |b il. ;  |c 18 cm. 
440 0 |a Electronic Components and Materials 
710 2 |a Philips. 
650 4 |a Circuitos integrados  |x Catálogos. 
650 4 |a Integrated circuits  |x Catalogs. 
859 |a AR-BbSID  |b BIB. PLAPIQUI  |h 621.381 75  |i In 8  |p 3751